| 000 | 00410nam a22001457a 4500 | ||
|---|---|---|---|
| 008 | 230626b |||||||| |||| 00| 0 eng d | ||
| 040 |
_aNational Science Library _cNational Science Library |
||
| 080 |
_aR 030 _bN8 |
||
| 245 | _aEncyclopedia of questions and answers | ||
| 260 |
_aUK: _bParragon, _c2000 |
||
| 650 | _aEnvironment | ||
| 653 | _aPlants | ||
| 700 | _aSonntag, Linda (Ed.) | ||
| 942 |
_2udc _cENC |
||
| 999 |
_c47384 _d47384 |
||